MARC details
| 000 -CABECERA |
| campo de control de longitud fija |
02614nam a2200361 a 4500 |
| 001 - NÚMERO DE CONTROL |
| campo de control |
dia_517 |
| 003 - IDENTIFICADOR DEL NÚMERO DE CONTROL |
| campo de control |
CHAP |
| 005 - FECHA Y HORA DE LA ÚLTIMA TRANSACCIÓN |
| campo de control |
20260127093242.0 |
| 007 - CAMPO FIJO DE DESCRIPCIÓN FÍSICA--INFORMACIÓN GENERAL |
| campo de control de longitud fija |
ta |
| 008 - DATOS DE LONGITUD FIJA--INFORMACIÓN GENERAL |
| campo de control de longitud fija |
220117s1979 mx ad frm 001 0 spa d |
| 010 ## - NÚMERO DE CONTROL DE LA BIBLIOTECA DEL CONGRESO |
| Número de control de LC |
171069 |
| 040 ## - FUENTE DE LA CATALOGACIÓN |
| Centro catalogador/agencia de origen |
mxchpua |
| Centro/agencia transcriptor |
CHAP |
| 041 0# - CÓDIGO DE LENGUA |
| Código de lengua del texto/banda sonora o título independiente |
spa |
| 090 ## - LOCALMENTE ASIGNADO TIPO-LC NÚMERO DE CLASIFICACIÓN (OCLC); NÚMERO DE CLASIFICACIÓN LOCAL (RLIN) |
| Número de clasificación (OCLC) (R) ; Numero de clasificación, CALL (RLIN) (NR) |
Tesis |
| Número cutter local (OCLC) ; Número de libro/Signatura topográfica íntegra, CALL (RLIN) |
G37 |
| año |
1979 |
| 100 1# - ENTRADA PRINCIPAL--NOMBRE DE PERSONA |
| Nombre de persona |
García Monserrat, José Luis |
| 245 13 - MENCIÓN DE TÍTULO |
| Título |
Las explosiones del polvo, así como, sus normas de prevención y seguridad en la industria / |
| Mención de responsabilidad, etc. |
José Luis García Monserrat |
| 264 ## - PRODUCCIÓN, PUBLICACIÓN, DISTRIBUCIÓN, FABRICACIÓN Y COPYRIGHT |
| Producción, publicación, distribución, fabricación y copyright |
México : |
| Nombre del de productor, editor, distribuidor, fabricante |
El autor, |
| Fecha de producción, publicación, distribución, fabricación o copyright |
1979 |
| 300 ## - DESCRIPCIÓN FÍSICA |
| Extensión |
iv, 183 hojas : |
| Otras características físicas |
ilustraciones, tablas, gráficas, diagramas |
| 336 ## - TIPO DE CONTENIDO |
| Fuente |
rdacontent |
| Término de tipo de contenido |
texto |
| Código de tipo de contenido |
txt |
| 337 ## - TIPO DE MEDIO |
| Fuente |
rdamedia |
| Nombre/término del tipo de medio |
no mediado |
| Código del tipo de medio |
n |
| 338 ## - TIPO DE SOPORTE |
| Fuente |
rdacarrier |
| Nombre/término del tipo de soporte |
volumen |
| Código del tipo de soporte |
nc |
| 502 ## - NOTA DE TESIS |
| Nota de tesis |
Tesis |
| Tipo de título |
(Ingeniero Químico ) -- |
| Nombre de la institución que otorga el título |
UNAM, Facultad de Química, |
| Año de obtención del título |
1979 |
| 504 ## - NOTA DE BIBLIOGRAFÍA, ETC. |
| Nota de bibliografía, etc. |
Bibliografía : hojas 181-182 |
| 520 3# - SUMARIO, ETC. |
| Sumario, etc. |
El estudio que a continuación se desarrolla, trata de ser lo más representativo y apegado la realidad que atañe proporcionando cifras y datos de cómo y cuándo se presentan los riesgos de una "Explosión de Polvo", debida al polvo industrial ya que, además de causar daños materiales pone en peligro la vida de los operarios, interrumpa la producción y economía del país. La realización de este escrito es con el fin de contribuir en una pequeña parte a. prevenir la incidencia y propagación de las explosiones de polvo ocasionadas por el polvo industrial de cualquier substancia que pueda quemarse en las proporciones adecuadas de aire y polvo. Hay una cantidad ilimitada de industrias polvosas en nuestro país, en este estudio solamente se considerarán las más comunes, representativas, y en las que, cabe que se presenten con un mayor índice de frecuencia "Las Explosiones de Polvo", deriva das del uso y manejo de los polvos industriales. Las propiedades físicas y químicas de los polvos industriales de categoría inflamable que se manejan en las diversas operaciones industriales, unidas a las condiciones ambientales del medio en que se ejecuta el trabajo, y la manera como el hombre actual las maneja, generan repercusiones importantes para el individuo que las opera, y aun para el medio en donde las desarrolla. |
| 650 13 - PUNTO DE ACCESO ADICIONAL DE MATERIA--TÉRMINO DE MATERIA |
| Término de materia o nombre geográfico como elemento de entrada |
Polvo |
| Fuente del encabezamiento o término |
atg |
| Subdivisión general |
Propiedades fisicoquímicas |
| 650 13 - PUNTO DE ACCESO ADICIONAL DE MATERIA--TÉRMINO DE MATERIA |
| Término de materia o nombre geográfico como elemento de entrada |
Dust |
| Fuente del encabezamiento o término |
atg |
| Subdivisión general |
Physicochemical properties |
| 700 1# - PUNTO DE ACCESO ADICIONAL--NOMBRE DE PERSONA |
| Nombre de persona |
Vilchis Zimbron, Ramon |
| Término indicativo de función/relación |
director |
| 700 1# - PUNTO DE ACCESO ADICIONAL--NOMBRE DE PERSONA |
| Nombre de persona |
Castañares Alcalá, Jorge A. |
| Término indicativo de función/relación |
asesor |
| 901 ## - ELEMENTOS DE DATOS A LOCAL LDA (RLIN) |
| a |
TESIS G37 1979 |
| 942 ## - ELEMENTOS DE PUNTO DE ACCESO ADICIONAL (KOHA) |
| Tipo de ítem Koha |
TESIS |
| Fuente del sistema de clasificación o colocación |
Clasificación Universidad Autónoma Chapingo |
| 902 ## - ELEMENTOS DE DATOS B LOCAL, LDB (RLIN) |
| a |
M |
| 905 ## - ELEMENTOS DE DATOS E LOCAL, LDE (RLIN) |
| a |
0000001979 mx 0000000000spa00 |